Punto de vista /
Guardado en:
| Autor Corporativo: | |
|---|---|
| Formato: | |
| Series: | El día que el universo cambió
|
| Materias: | |
| Etiquetas: |
Agregar Etiqueta
Sin Etiquetas, Sea el primero en etiquetar este registro!
|
| LEADER | 00976ngm a22003375g 4500 | ||
|---|---|---|---|
| 001 | CEM.cems021441 | ||
| 008 | 130507b1992##################0###0#####d | ||
| 005 | 20240823144832.0 | ||
| 245 | 0 | 0 | |a Punto de vista / |
| 300 | |a 57 | ||
| 490 | 0 | |a El día que el universo cambió | |
| 500 | |a En soporte VHS, consultar en ventanilla. | ||
| 505 | 0 | |a Florencia: el poder económico. Búsqueda de la AntigÂedad Clásica. | |
| 538 | |a Soporte: VHS - Norma: Pal N - Color - Grabación Drd 1992 - Hitachi=3990 | ||
| 110 | 2 | |a BBC. | |
| 082 | 9 | 4 | |. 1/BBC |
| 653 | |a HISTORIA | ||
| 653 | |a EUROPA-HISTORIA | ||
| 653 | |a ASTRONOMIA | ||
| 653 | |a MATEMATICA | ||
| 653 | |a FISICA | ||
| 653 | |a EUROPA | ||
| 653 | |a COPERNICO | ||
| 653 | |a GALILEO | ||
| 653 | |a NEWTON | ||
| 653 | |a ACELERACION | ||
| 653 | |a TELESCOPIOS | ||
| 653 | |a GRAVEDAD | ||
| 653 | |a NIVEL PRIMARIO | ||
| 653 | |a NIVEL SECUNDARIO | ||
| 859 | |a CEMS |b BIB. CEMS - Depto. Recursos Didacticos |h 940.1 |i BBC |k DRD |p 84.12 |t Ej.1 | ||
